000
00288nam a22001217a 4500
003
OSt
008
150620b xxu||||| |||| 00| 0 eng d
100
1
_a
Kehr, Ernest A.
041
_a
eng
245
1
0
_a
Vatican Stamps
260
_a
Newark 2, New Jersey
_b
The Washington Press
300
_a
0 pages
999
_c
1601
_d
1601